Applications of calculus /
Guardado en:
| Otros Autores: | , , , , , , |
|---|---|
| Formato: | Libro |
| Idioma: | English |
| Publicado: |
[Washington, D.C.] :
Mathematical Association of America,
[c1993]
|
| Series: | Resources for calculus collection ;
v. 3 MAA notes ; v. 29 |
| Acceso en línea: | Table of contents (pdf) Preface (pdf) |
| Etiquetas: |
Agregar Etiqueta
Sin Etiquetas, Sea el primero en etiquetar este registro!
|
| LEADER | 01188nam a22003135a 4500 | ||
|---|---|---|---|
| 001 | MAT.inmabb000003 | ||
| 008 | 930406s1993####dcua#####b####000#0#eng#d | ||
| 005 | 20130221105411.0 | ||
| 245 | 0 | 0 | |a Applications of calculus / |c Philip Straffin, editor ; writers for this volume, Clark Benson ... [et al.]. |
| 260 | |a [Washington, D.C.] : |b Mathematical Association of America, |c [c1993] | ||
| 300 | |a xiv, 262 p. : |b il. ; |c 28 cm. | ||
| 440 | 0 | |a Resources for calculus collection ; |v v. 3 | |
| 440 | 0 | |a MAA notes ; |v v. 29 | |
| 504 | |a Incluye referencias bibliográficas. | ||
| 020 | |a 0883850850 | ||
| 700 | 1 | |a Straffin, Philip D. |4 edt | |
| 700 | 1 | |a Benson, Clark | |
| 700 | 1 | |a Campbell, Paul | |
| 700 | 1 | |a Hastings, Kevin | |
| 700 | 1 | |a Janke, Steven | |
| 700 | 1 | |a Meyer, Walter | |
| 700 | 1 | |a Moore, Thomas | |
| 084 | |a 26-01 |2 msc2000 |9 2000 | ||
| 084 | |a 26Axx |2 msc2000 |9 2000 | ||
| 084 | |a 26Bxx |2 msc2000 |9 2000 | ||
| 010 | |a 92062281 | ||
| 856 | 4 | 1 | |u http://202.38.126.65/mirror/www.maa.org/pubs/books/nte29%5Ftoc.pdf |y Table of contents (pdf) |
| 856 | 4 | 1 | |u http://202.38.126.65/mirror/www.maa.org/pubs/books/nte29%5Fpreface.pdf |y Preface (pdf) |
| 859 | |h 26 |i R434 |p A-7903 |v 3 |b BIB. MATEMATICA | ||
